MAASAI MARA UNIVERSITY

LIBRARY CATALOGUE

Contact Us: +254 020 2685356/7 or 0774 057787

Box: 861-20500, NAROK, KENYA

Email: info@mmarau.ac.ke

A student's pocket companion to accompany Fundamentals of physics, 5th edition, David Halliday, Robert Resnick, Jearl Walker / (Record no. 26833)

MARC details
000 -LEADER
fixed length control field 00921nam a2200265 a 4500
001 - CONTROL NUMBER
control field 704628
003 - CONTROL NUMBER IDENTIFIER
control field OSt
005 - DATE AND TIME OF LATEST TRANSACTION
control field 20170518104316.0
008 - FIXED-LENGTH DATA ELEMENTS--GENERAL INFORMATION
fixed length control field 961231s1997 nyua f 000 0 eng
010 ## - LIBRARY OF CONGRESS CONTROL NUMBER
LC control number 96233488
020 ## - INTERNATIONAL STANDARD BOOK NUMBER
International Standard Book Number 047109675X
040 ## - CATALOGING SOURCE
Original cataloging agency MMU
Transcribing agency MMU
Language of cataloging eng
Modifying agency MMU
050 00 - LIBRARY OF CONGRESS CALL NUMBER
Classification number QC61.C55 1997
082 00 - DEWEY DECIMAL CLASSIFICATION NUMBER
Classification number 530
Edition number 21
100 1# - MAIN ENTRY--PERSONAL NAME
Personal name Christman, J. Richard.
245 10 - TITLE STATEMENT
Title A student's pocket companion to accompany Fundamentals of physics, 5th edition, David Halliday, Robert Resnick, Jearl Walker /
Statement of responsibility, etc. J. Richard Christman.
260 ## - PUBLICATION, DISTRIBUTION, ETC. (IMPRINT)
Place of publication, distribution, etc. New York :
Name of publisher, distributor, etc. Wiley,
Date of publication, distribution, etc. c1997.
300 ## - PHYSICAL DESCRIPTION
Extent vi, 362 p. :
Other physical details ill. ;
Dimensions 18 cm.
500 ## - GENERAL NOTE
General note Includes indexes.
650 #0 - SUBJECT ADDED ENTRY--TOPICAL TERM
Topical term or geographic name as entry element Physics
General subdivision Handbooks, manuals, etc.
700 1# - ADDED ENTRY--PERSONAL NAME
Personal name Halliday, David,
Dates associated with a name 1916-
Title of a work Fundamentals of physics.
906 ## - LOCAL DATA ELEMENT F, LDF (RLIN)
a 7
b cbc
c orignew
d 2
e ncip
f 19
g y-gencatlg
942 ## - ADDED ENTRY ELEMENTS (KOHA)
Source of classification or shelving scheme Library of Congress Classification
Koha item type L
Holdings
Withdrawn status Lost status Source of classification or shelving scheme Damaged status Not for loan Home library Current library Date acquired Source of acquisition Total Checkouts Full call number Barcode Date last seen Price effective from Koha item type
    Library of Congress Classification     Maasai Mara University Library -Main Campus Maasai Mara University Library -Main Campus 04/04/2017 Donation -T4C   QC61.C55 1997 17030300 04/04/2017 04/04/2017 L
© 2016 Maasai Mara University.